Представление документа в формате RUSMARC

ПолеНазваниеЗначение
  Тип записи a
  Библиографический уровень c
001 Контрольный номер RU/IS/BASE/254231004
005 Дата корректировки 20201206204545.8
010 Индекс ISBN __
d Цена 0-48
101 Язык документа __
a Язык текста rus
c Язык оригинала rus
200 Заглавие и сведения об ответственности 1_
a Заглавие Рассказы
e Сведения, относящиеся к заглавию для сред. и ст. шк. возраста
f Первые сведения об ответственности Л. Н. Толстой
b Общее обозначение материала Текст
210 Выходные данные __
a Место издания М.
c Издательство Правда
d Дата издания 1975
215 Физическое описание __
a Объем 215 с.
225 Серия __
a Серия Школьная библиотека
327 Примечание о содержании __
a Примечание о содержании Набег
606 Тематические рубрики __
a Основная рубрика Художественная литература
z Хронологическая подрубрика 19 в.
y Географическая подрубрика Россия
606 Тематические рубрики __
a Основная рубрика Русская литература XIX в. (произведения)
610 Ключевые слова __
a Ключевые слова детская литература; проза; рассказы
686 Индексы других классификаций __
a Классификационный индекс ст84(2Рос=Рус)1-4
700 Автор _1
a Фамилия Толстой
b Имя Л. Н.
4 Код отношения 070
801 Источник записи _0
a Страна RU
b Организация Муниципальное бюджетное учреждение культуры "Централизованная библиотечная система" г. Сургут (Центральная городская библиотека им. А. С. Пушкина)
g Правила каталогизации ЦДБ/Кундохова
801 Источник записи _1
a Страна RU
b Организация Муниципальное бюджетное учреждение культуры "Централизованная библиотечная система" г. Сургут (Центральная городская библиотека им. А. С. Пушкина)
g Правила каталогизации ЦДБ/Кундохова
852 Данные о местонахождении __
j Шифр хранения ст84(2Рос=Рус)1-4
c Каталожный индекс ст84(2Рос=Рус)1-4
i Авторский знак Т 52
p Инвентарный номер 21846(д); 24553(д)
901 Тип документа __
t Тип документа x
903 Характеристики (МАРС) __
a Дата передачи 20080121
969 Тип издания __
a Тип издания сборник
990 Данные о заказе (DOS) __
j Количество экземпляров (DOS) 2
t N записи в КСУ для И/У (DOS) ретр